000 00269nam a2200121 a 4500
001 4140
005 20140414131907.0
008 090218s19uu xx 00 eng d
050 _aER
_bB64 1994
100 _aWheeler, Cindy
245 _aBookstore cat.
999 _c111026
_d111026